00415nam a22001337a 4500003000900000005001700009008004100026040001300067100002200080245004800102260002000150300001900170520009200189IT-RoPau20220918181108.0130612b xxu||||| |||| 00| 0 eng d cIT-RoPau aTodaro, Francesco aLa vocazionebOre di adorazione e catechesi aRomabSSPc1993 a126 pp.c24 cm aIndice Sigle dei documenti citati Presentazione Prefazione Ore di Adorazione Catechesi